Chemistry of Aqueous Solutions Electrochemistry (Record no. 559919)
[ view plain ]
| 000 -LEADER | |
|---|---|
| fixed length control field | 00358nam a2200133Ia 4500 |
| 008 - FIXED-LENGTH DATA ELEMENTS--GENERAL INFORMATION | |
| fixed length control field | 210428s9999 xx 000 0 und d |
| 020 ## - INTERNATIONAL STANDARD BOOK NUMBER | |
| International Standard Book Number | 969-516-155-3 |
| 082 ## - DEWEY DECIMAL CLASSIFICATION NUMBER | |
| Classification number | 541.3422 L112 C |
| 100 ## - MAIN ENTRY--PERSONAL NAME | |
| Personal name | Jean Claude Labbe |
| 9 (RLIN) | 52153 |
| 245 #0 - TITLE STATEMENT | |
| Title | Chemistry of Aqueous Solutions Electrochemistry |
| 260 ## - PUBLICATION, DISTRIBUTION, ETC. | |
| Name of publisher, distributor, etc. | Alhamra |
| Place of publication, distribution, etc. | ISLAMABAD |
| Date of publication, distribution, etc. | 2004 |
| 300 ## - PHYSICAL DESCRIPTION | |
| Extent | 183p |
| 942 ## - ADDED ENTRY ELEMENTS (KOHA) | |
| Koha item type | Book |
| Withdrawn status | Lost status | Damaged status | Not for loan | Permanent Location | Current Location | Date acquired | Total Checkouts | Full call number | Barcode | Date last seen | Price effective from | Koha item type | Source of classification or shelving scheme |
|---|---|---|---|---|---|---|---|---|---|---|---|---|---|
| School of Chemical & Materials Engineering (SCME) | School of Chemical & Materials Engineering (SCME) | 541.3422 L112 C | SCME-67 | 04/28/2021 | 04/28/2021 | Book | |||||||
| School of Chemical & Materials Engineering (SCME) | School of Chemical & Materials Engineering (SCME) | 10/16/2025 | 541.3422 L112 C | SCME-D313 | 10/16/2025 | 10/16/2025 | Book |
